[Event "Amsterdam ACT op 2nd"]
[Site "Amsterdam"]
[Date "2005.07.24"]
[Round "9"]
[White "Akopian, Vladimir Eduardovic"]
[Black "Avrukh, Boris"]
[Result "1/2-1/2"]
[WhiteElo "2705"]
[BlackElo "2652"]
[Annotator "Mikhalevski,V"]
[PlyCount "138"]
[EventDate "2005.07.16"]
[EventType "swiss"]
[EventRounds "9"]
[EventCountry "NED"]
[SourceTitle "CBM 107 Extra"]
[Source "ChessBase"]
[SourceDate "2005.09.01"]
[SourceVersion "1"]
[SourceVersionDate "2005.09.01"]
[SourceQuality "1"]

1. d4 Nf6 2. c4 g6 3. g3 Bg7 4. Bg2 d6 5. Nc3 O-O 6. Nf3 Nbd7 7. O-O e5 8. h3
exd4 9. Nxd4 Nb6 {[%cal Gd6d5] This direction in the Fianchetto is getting
popularity recently. Black's idea is rather simple- he prepares a very
important advance in the centre d5, which in case of exchange on d5 allows
Black to equalize without problems, while after 11.c5 the pawn on d5 will
restrict the light-squared bishop on g2. The main drawback of this line is
that after 12.c6 Black will have weaknesses on c6 and c5. So the following
play will be concentrated around these weaknesses.} 10. b3 d5 ({Also} 10... c5
{is very interesting. The point is to exploit weakness of the dark squares on
the long diagonal.} 11. Nc2 (11. Ndb5 d5 $1) 11... Be6 {Preparing d5.} 12. e4 (
12. Bb2 d5 13. Nxd5 Nfxd5 14. Bxg7 Kxg7 15. cxd5 Bxd5 16. e4 Bc6 17. Qb1 $14 {
Anastasian,A-Sutovsky,E, EU-chT(Men) 1997/CBM57[Huzman].}) 12... Qd7 $1 13. h4
(13. Kh2 $5 {was worth a try with the idea} Ng4+ 14. hxg4 Bxc3 15. Bh6 $1 {
A very important intermediate move.} Rfe8 (15... Bxa1 $5 16. Qxa1 f6 17. Bxf8
Rxf8 18. f3 f5) 16. Ne3 $1 {with the strong compensation for the sacrificed
exchange after} Bxa1 $6 17. Qxa1 f6 18. Qxf6) 13... Ng4 {[%cal Gf7f5]} 14. Bd2
f5 $1 15. Rc1 Rae8 16. Ne3 Bd4 {Efimov,I-Vorobiov,E/Cappelle la Grande FRA
2003. and suddenly a draw was agreed.} (16... fxe4 $5)) 11. c5 (11. Ba3 {
Usually leads to transposition after} Re8 12. c5 Nbd7 13. c6 Ne5 14. cxb7 Bxb7
{and so on.}) 11... Nbd7 12. c6 Ne5 ({Of course not} 12... bxc6 $2 13. Nxc6 Qe8
14. Ba3 $18 {[%csl Rf8] and White wins an exchange.}) 13. cxb7 Bxb7 14. Ba3 Re8
15. Rc1 {[%csl Rc5][%cal Gc3a4,Ga4c5] All these moves are more or less forced.
Now let's see what we have. Black has a pawn in the centre which restricts the
g2-bishop. From the other hand the c5-square is weak and if White succeeds to
bring his knight there he will have a positional advantage.} Rc8 $5 {[%cal
Gc7c5] Boris follows Ivanchuk's idea. Black creates a positional threat of c5
and thus forces white knight to a4 in order to obtain the e4-square for one of
his knights. The arisen position is similar to the one with the a-pawn on a6
and the rook on a8 with only, but important difference-the move 15...Rc8 is
much more useful than 15...a6.} ({Earlier Black played} 15... a6 {[%csl Rb5]
with the idea to prevent Ncb5, which was a threat.} 16. Na4 (16. Qc2 $5 Rc8 17.
Na4) 16... Ne4 17. Nc5 Nxc5 18. Bxc5 Nd7 19. e3 (19. Ba3 $6 c5 $1 20. Nc2 Qg5
21. h4 Qh5 22. Bf3 Qf5 (22... Qe5 $1 {was better with the idea} 23. Ne3 Rad8 $1
24. Bxc5 $2 Nxc5 25. Rxc5 Qd6 $1 26. b4 Rxe3 $1 27. fxe3 Qxg3+ 28. Bg2 d4 $1
29. e4 (29. Rg5 Qxh4 30. Qb3 Qxg5 31. Qxf7+ Kh8 32. Qxb7 Qxe3+ $19) 29... Bxe4
30. Rf2 d3 $1 $19 {and Black wins in both cases.}) 23. Qd2 ({or} 23. Ne3 Rxe3
$1 24. fxe3 Qh3 25. Qe1 Bh6 26. Rc3 Re8 {with compensation for the sacrificed
exchange.}) 23... Qe6 24. Rfd1 Rad8 25. Bxd5 Bxd5 26. Qxd5 Qxe2 27. Re1 Ne5 $6
(27... Qb5 $5) 28. Rxe2 Rxd5 $14 {Illescas Cordoba,M-Moreno Ruiz,J/Burgos ESP
2003.}) 19... Nxc5 20. Rxc5 Bf8 21. Rc2 c5 22. Ne2 Qd7 23. Nf4 Rad8 24. Rd2 ({
After} 24. Nxd5 Bxd5 25. Rd2 Bxb3 26. Rxd7 Bxd1 27. Rfxd1 Rxd7 28. Rxd7 Re7 {
Black should be able to hold the position, while some problems still exist.})
24... d4 $1 25. Bxb7 Qxb7 26. exd4 Qb4 $1 27. Re2 Qxd4 (27... Rxe2 28. Qxe2 Bh6
$6 {is dangerous.} 29. dxc5 Bxf4 30. gxf4 Qxf4 $2 (30... Qxc5 $5 31. Rd1 Rxd1+
32. Qxd1 Qf5 33. Qd8+ Kg7 34. Qd4+ Kg8 35. Kg2 $14) 31. Qg4 Qf6 32. Rc1 Rd4 33.
c6 $4 ({Why not} 33. Qg3 $16 {keeping an extra pawn?}) 33... Rxg4+ 34. hxg4 Qf4
35. Rc4 Qc7 $19 {Dizdar,G-Bente,B/Warsaw POL 2005.}) 28. Qxd4 cxd4 29. Rxe8
Rxe8 30. Rd1 g5 $1 (30... Rd8 $6 {would allow to block the d-pawn.} 31. Nd3 $14
) 31. Nh5 Re2 32. Rxd4 Rxa2 33. Rd8 h6 $1 $11 {Vaganian,R-Volokitin,A/Istanbul
TUR 2003. and soon a draw was agreed.}) 16. Na4 {[%csl Rc5] Otherwise c5.} Ne4
$1 {It's necessary to take control over the c5-square.} 17. Nc5 Nxc5 18. Bxc5
Nd7 $1 {[%csl Rc5] It's necessary to unblock the position.} 19. e3 $5 $146 {
White is trying to consolidate the position in order to exploit the hanging c
and d-pawn on the later stage of the game.} ({Earlier White tested} 19. Qc2 $5
Nxc5 20. Qxc5 Qd7 21. Rc2 $1 c6 22. b4 Bf8 $2 (22... a5 $1 {instead was strong
with a similar idea to unblock the position.} 23. bxa5 Bf8 {with an
approximately equal position.}) 23. Qa5 $14 {Khurtsidze,N-Ivanchuk,V/Yerevan
ARM 2004.}) ({and} 19. b4 Nxc5 20. Rxc5 ({After} 20. bxc5 $6 c6 21. e3 Ba6 22.
Re1 Qa5 {Black is better.}) 20... c6 21. a3 Bf8 22. Rc3 c5 (22... a5 $5) 23.
bxc5 Bxc5 {and Black is fine. Paschall,W-Nagle,S/Budapest HUN 2004.}) (19. Ba3
c5 {is clearly a better version of Illescas Cordoba,M-Moreno Ruiz,Burgas 2003.
See above.}) 19... Nxc5 20. Rxc5 Bf8 21. Rc2 {[%cal Gd4c6]} c6 $1 {Black is
not in a hurry to weaken his d5-pawn.} ({Though I believe there was also
nothing wrong with immediate} 21... c5 22. Ne2 Qd6 23. Nf4 Ba6 24. Re1 d4 {
with equality.}) 22. Qc1 Qb6 23. Rd1 Bh6 $6 {Black is trying to play for c5
followed by d4, but misses a simple tactical resource.} 24. b4 $1 $14 {[%csl
Gc5,Rc6]} Bf8 $5 ({The problem is that after} 24... Qxb4 25. Nxc6 $16 {Black
also loses the d5-pawn.}) 25. Rb2 (25. a3 $1 {deserved serious attention with
the idea to meet} a5 {with} 26. bxa5 $1 Qa6 (26... Qxa5 {leads to a difficult
endgame after} 27. Nxc6 Bxc6 28. Rxc6 Rxc6 29. Qxc6 Re6 30. Qxd5 Qxa3 $16) 27.
Nb3 $1 {[%csl Rc5] with a better position for White.}) 25... Ba6 $1 {[%cal
Ga6c4] Black activates the bishop bringing it to c4.} 26. Qc3 Bc4 27. Bf1 $1 {
The c4-bishop has to be exchanged.} c5 (27... Bg7 $5 {with the idea} 28. Bxc4
dxc4 29. Qxc4 $2 c5 $1) 28. bxc5 Qxc5 29. Bxc4 dxc4 {Now the position is about
equal.} 30. Rb5 Qd6 31. Rd2 Bg7 32. Rb4 Qd5 33. Rc2 Bxd4 34. Qxd4 Qf3 $1 35.
Qg4 (35. Kh2 Qf5 $1) 35... Qxg4 36. hxg4 Re4 37. Kg2 Rxg4 38. f4 h5 $1 39. Kf3
c3 40. Rb3 g5 41. Rbxc3 Rxc3 42. Rxc3 gxf4 43. exf4 Rg6 44. Ra3 a6 45. Ra5 $14
{White has succeeded to improve the position a little bit, but Black is able
to keep the position, though Akopian shows it's not so easy.} Rh6 46. a4 (46.
Kg2 {with the idea to bring the king to h4 is not enough in view of} h4 47. g4
h3+ 48. Kh2 Rh4 49. g5 Rxf4 50. Kxh3 f6 $1 51. Kg3 Re4 $1 52. gxf6 Re6 53. Rf5
Kf7 $11 {with a draw.}) 46... Kf8 47. Rc5 Kg7 (47... Ke7 $5) 48. a5 h4 $5 49.
gxh4 Rxh4 50. Rc6 Rh6 51. Rb6 $1 Re6 $1 52. Kg4 Kf8 (52... Rg6+ 53. Kf5 Rh6 54.
Ke5 $1 {is dangerous for Black.} ({But not} 54. Rxh6 $2 Kxh6 55. Kf6 Kh5 $1 56.
Kxf7 Kg4 57. Ke6 Kxf4 58. Kd5 Kf5 59. Kc6 Ke6 60. Kb6 Kd7 $11)) 53. f5 Re5 54.
Rxa6 (54. f6 Kg8 55. Rxa6 Kh7 {leads to a similar position.}) 54... Kg7 55. f6+
Kg6 56. Kf4 Rf5+ 57. Ke4 Kg5 58. Kd4 Rf4+ 59. Kc5 Rf5+ 60. Kb6 (60. Kb4 Rf4+
61. Kb3 Rf5 {and the white rook is nailed to a6.}) 60... Rxf6+ 61. Kb7 Rf5 $1
62. Ra8 Rf1 63. a6 Rb1+ 64. Ka7 f5 $11 65. Rb8 Ra1 66. Rb5 Kg4 67. Kb6 f4 68.
a7 Rxa7 69. Kxa7 f3 {A tough game in which both players showed good
theoretical preparation and technical skills.} 1/2-1/2

[Event "FRA-ch"]
[Site "Chartres"]
[Date "2005.08.15"]
[Round "1"]
[White "Bauer, Christian"]
[Black "Degraeve, Jean Marc"]
[Result "1-0"]
[WhiteElo "2641"]
[BlackElo "2546"]
[Annotator "Stohl,I"]
[PlyCount "99"]
[EventDate "2005.08.15"]
[EventType "tourn"]
[EventRounds "11"]
[EventCountry "FRA"]
[EventCategory "13"]
[SourceTitle "CBM 109"]
[Source "ChessBase"]
[SourceDate "2005.11.14"]
[SourceVersion "1"]
[SourceVersionDate "2005.11.14"]
[SourceQuality "1"]

1. Nf3 Nf6 2. c4 g6 3. Nc3 Bg7 4. g3 O-O 5. Bg2 d6 6. d4 Nbd7 7. O-O e5 8. e3 {
White treats the opening like a d3 French (or King's Indian Attack) with
colours reversed.} Re8 9. b3 ({Vaganian prefers the space gaining} 9. a4 $5 {
first, after} a5 10. b3 c6 11. Ba3 {White has perhaps more chances to fight
for an opening edge.} (11. Ra2 $5 {is another flexible try.})) 9... Nf8 (9...
c6 {is more flexible, now White can transpose into the above mentioned lines
with} 10. a4 (10. Bb2 e4 11. Nd2 d5 $13)) 10. dxe5 dxe5 11. Qxd8 {Baeur
improves upon his recent game with Volokitin to put Black under some pressure.
Postponing the Q swap allowed Black to take back with the Ra8:} (11. Ba3 Bg4 (
11... N6d7 $5 12. Qc2 Ne6 13. Rad1 f5 14. e4 f4 15. Bh3 c6 16. Ne2 Qf6 $13 17.
Bb2 Qe7 18. Rd2 Ndf8 19. Bg2 (19. Kg2 $142 $5) 19... Ng5 20. Nxg5 Qxg5 21. Rfd1
Ne6 22. c5 Qe7 23. Rd6 Rf8 24. R1d3 Ng5 25. f3 fxg3 26. hxg3 Nf7 $17 {Pfleger,
H-Donner,J/The Hague/1966/}) 12. h3 Bxf3 13. Bxf3 c6 (13... e4 14. Bg2 c6 15.
Qxd8 Raxd8 16. Rad1 $36 {[%csl Re4] ><e4}) 14. Qxd8 Raxd8 15. Rad1 Ne6 16. Kg2
a5 17. g4 Bf8 18. Bb2 Nc5 19. g5 Nfd7 20. Ne4 Nxe4 21. Bxe4 h6 $1 $132 22. gxh6
$6 (22. h4 $1 $13 {/\h5}) 22... Kh7 23. f4 Nc5 24. Bc2 Rxd1 25. Bxd1 exf4 26.
Rxf4 f5 27. Bc3 Bxh6 28. Rf1 b6 $15 {Bauer,C-Volokitin,A/Biel/2005/}) (11. Bb2
Bf5 12. Nb5 Bd3 13. Nxc7 $2 (13. Bxe5 $1 Bxf1 14. Qxf1 $44) 13... Qxc7 14. Qxd3
e4 $17 {Hoelzl,F-Karner,C/AUT-ch Oberpullendorf/2002/}) 11... Rxd8 12. Ba3 (12.
Bb2 e4 13. Nd4 a6 (13... c5 $142 $5 14. Ndb5 Bf5 $11) 14. c5 Re8 15. b4 Rb8 16.
Rfc1 h5 17. a4 N8h7 18. h4 Bg4 19. b5 Nf8 20. c6 $36 {Garber,V-Salmensuu,O/
Helsinki/1996/}) (12. Nxe5 $2 Ng4 13. f4 Nxe5 14. fxe5 Bxe5 15. Bb2 Rd2 $19)
12... Ne8 $146 {Solid, but rather passive.} (12... c6 13. Rad1 Re8 14. h3 h5
15. Rd2 (15. Ng5 Bf5 16. Nge4 Nxe4 17. Nxe4 Bxe4 18. Bxe4 Rad8 19. Bf3 Ne6 20.
h4 Bf8 21. Bb2 Bd6 22. Rd2 Kf8 23. Rfd1 Ke7 24. Bc3 f5 $11 {Dobrotka,
M-Mochalov,E/Sala/1994/}) 15... N8h7 16. Rfd1 Bf5 17. Kh2 g5 18. Ng1 Bf8 19.
Bxf8 Kxf8 20. Na4 Re7 21. Nc5 $14 {[%cal Gd1d8,Gg2b7] <->d,/^h1-a8,Ubilava,
E-Oms Pallise,J/Andorra/ 1997/ and even in a symmetrical position White
pressure, as his pieces are more active and better coordinated.}) (12... e4 13.
Nd4 Ne6 $5 14. Be7 (14. Nxe6 Bxe6 15. Rad1 Bf5 $11) (14. Rad1 $5) 14... Rd7 (
14... Re8 15. Bxf6 Bxf6 16. Nxe4 $16) 15. Bxf6 (15. Nxe6 Rxe7 16. Nxg7 Kxg7 $11
) 15... Bxf6 16. Nxe4 Bxd4 17. exd4 Rxd4 18. Rad1 $14) 13. Rad1 Bg4 14. h3 Bxf3
15. Bxf3 c6 16. Ne4 (16. g4 $142 $5) 16... Ne6 {[%csl Ga3,Gf3][%mdl 4100]} ({
Black spurns the more active} 16... f5 17. Nc5 e4 18. Bg2 b6 (18... Nd6 19. f3
$36) 19. Nb7 Rd7 $5 $14 {and further passive play gradually gets him into an
extremely unpleasant _|_. Bauer proceeds to improve his position quietly in a
model fashion, finally converting his ^^ by exchanging them at a suitable
moment.}) 17. g4 $5 (17. Be7 Rxd1 18. Rxd1 f5 19. Nd6 e4 20. Be2 Nxd6 21. Rxd6
Rc8 $1 $11 {/\} 22. Rxe6 Kf7) 17... Bf8 (17... f5 18. gxf5 gxf5 19. Ng3 $14 {|^
}) 18. Bb2 f6 (18... f5 19. gxf5 gxf5 20. Ng3 e4 21. Be2 N8g7 22. Bf6 $14 (22.
Kg2 {[%cal Yf2f3] /\f3+/=})) 19. Be2 Rxd1 $6 (19... Kf7 $142 $5 20. f4 exf4 21.
exf4 Rxd1 22. Bxd1 Nc5 $14 {/<=>}) 20. Rxd1 Rd8 21. Rxd8 Nxd8 22. c5 $1 $36 {
_|_()} Bg7 23. Bc4+ Kf8 24. a4 Ke7 25. Kg2 Ne6 26. b4 a6 27. h4 Bf8 28. Kg3 h6
$6 {[%csl Rg6] ><g6 Later on Black will pay for the weakening of the light
squares, as he has no light-squared B.} (28... Kd7 $6 29. f4 $36) (28... Bg7
$142) 29. Kg2 Kd7 30. a5 {An interesting moment. White closes the <<, as he
doesn't have chances to play here anyway and it's sensible to prevent Black
from lashing out with a5.} Be7 31. Ng3 N8c7 32. Bc3 $1 (32. h5 gxh5 33. Nxh5
Nd5 34. Bxd5 cxd5 35. f4 {was perhaps good, but White is in no hurry -
Shereshevski's _|_ principle.}) 32... Nd5 33. Bd2 Ng7 34. Bd3 g5 35. Nf5 $1 {
[%cal Gb1h7] גb1-h7 Accentuates the weakness of the light squares.} Nxf5 36.
Bxf5+ Kd8 37. h5 $1 $18 {[%csl Rh6] ><h6 Now Black must defend against the
penetration of White's (Kf3-e4-f5-g6), Bc8 and also f4 - all this is too much
to manage.} Bf8 38. Kf3 Nc7 39. Ke4 Bg7 40. Be1 Bh8 41. Bh7 Ke7 42. Bg8 Bg7 (
42... Ne6 43. Kf5 Nf8 44. Bd2 {[%cal Rf2f4] /\f4+-}) 43. Kf5 Bf8 44. Bd2 Bg7
45. Bc4 Bf8 46. f4 $1 exf4 47. exf4 gxf4 (47... Nd5 48. fxg5 fxg5 49. b5 $5 {/\
} (49. Bxd5 cxd5 50. Ke5 $18) 49... axb5 50. Bxd5 cxd5 51. c6 $18) 48. Bxf4 Nd5
49. Bxd5 $1 {Timely and decisive simplification.} cxd5 50. Bd6+ (50. Bd6+ Kf7
51. Bxf8 Kxf8 52. b5 axb5 (52... Ke7 53. c6 Kd6 54. cxb7 Kc7 55. bxa6 $18) 53.
c6 bxc6 54. a6 $18) 1-0

[Event "Moscow Aeroflot op-A"]
[Site "Moscow"]
[Date "2006.02.10"]
[Round "3"]
[White "Sakaev, Konstantin"]
[Black "Shchekachev, Andrei"]
[Result "1/2-1/2"]
[WhiteElo "2649"]
[BlackElo "2570"]
[Annotator "Stohl,I"]
[PlyCount "109"]
[EventDate "2006.02.08"]
[EventType "swiss"]
[EventRounds "9"]
[EventCountry "RUS"]
[SourceTitle "CBM 112"]
[Source "ChessBase"]
[SourceDate "2006.06.07"]
[SourceVersion "1"]
[SourceVersionDate "2006.06.07"]
[SourceQuality "1"]

1. d4 Nf6 2. Nf3 g6 3. c4 Bg7 4. g3 O-O 5. Bg2 d6 6. Nc3 Nbd7 7. O-O a6 {
Original, this move is more often connected with the Nc6 development.} 8. b3 ({
The more usual} 8. e4 {leads to different lines after} e5 {-E68} (8... c5 9.
Re1 (9. h3 $5 cxd4 10. Nxd4 Nc5 11. Be3 $14 {()}) 9... cxd4 10. Nxd4 Nc5 11. h3
Bd7 12. Be3 Rc8 13. Rc1 Qa5 14. a3 Na4 $1 $11 15. b4 $6 Nxc3 16. Rxc3 Qa4 17.
Qb1 Rc7 18. Rec1 Rfc8 19. Qd3 Be8 20. Bf3 Nd7 21. Bd1 Ne5 22. Qf1 Qd7 23. c5 b5
$1 $36 {Karpov,A-Adorjan,A/Hungary/1969/})) ({Another plausible alternative is
} 8. h3 {/\} c5 9. e4 $14 (9. d5 b5 $5 10. cxb5 axb5 11. Nxb5 Ba6 12. Nc3 Nb6
$44 {-A58})) 8... Re8 $146 {[%mdl 8] Black makes an interesting non-committal
move and for the time being doesn't disclose his central intentions.} (8... c5
9. Bb2 Rb8 10. a4 cxd4 (10... Ne8 11. e3 b6 12. Qe2 Bb7 13. Rfd1 Nc7 14. Rab1 (
14. d5 $5 {()}) 14... b5 15. axb5 axb5 16. dxc5 Nxc5 17. b4 Ne4 18. Nxe4 Bxe4
19. Bxg7 Kxg7 20. Rbc1 bxc4 21. Rxc4 $14 {Karlsson,L-Lind,J/Boras/1979/}) 11.
Nxd4 Nc5 12. b4 Ne6 13. Nd5 Nxd5 14. cxd5 Nxd4 15. Bxd4 Bxd4 16. Qxd4 Bd7 17.
Rfc1 Rc8 18. a5 Rxc1+ 19. Rxc1 Qb8 20. Qe3 Rc8 $11 {Keene,R-Tatai,S/Siegen olm/
1970/}) (8... Rb8 9. a4 a5 10. Bb2 Re8 11. Qc2 c6 12. Rfd1 Qc7 13. Rac1 e5 14.
e3 Ra8 15. Ba3 Bf8 16. h3 Nb8 17. Ng5 Bf5 18. Nce4 Bxe4 19. Nxe4 Nxe4 20. Bxe4
Na6 21. Bg2 Rad8 22. Qd2 Qb6 23. Rb1 Nb4 24. Bb2 Bg7 $11 {Sandler,L-Chapman,M/
Gold Coast/2001/}) (8... e5 9. dxe5 dxe5 10. Qc2 Qe7 11. Rb1 Re8 12. Rd1 h6 13.
Nd2 Bf8 14. Nd5 Qd8 15. Bb2 Nxd5 16. Bxd5 Qf6 17. Bg2 Qe7 18. Ne4 f5 19. Nc3 c6
20. Na4 Bg7 21. Qd2 Rb8 22. Qd6 b5 23. cxb5 cxb5 24. Nc3 $36 {Fedder,S-Hoi,C/
Hillerod/1980/}) 9. e4 e5 (9... c5 10. h3 $14) 10. d5 {After some novel play
we are back in a more or less typical King's Indian position. White decides to
resolve the [+] tension, although it's more usual to retain it:} (10. Re1 Rb8 (
10... exd4 11. Nxd4 Ng4 $132) 11. a4 (11. Bb2 exd4 12. Nxd4 c5 13. Nc2 Ne5 14.
h3 b5 (14... Nh5 15. Ne3 b5 16. cxb5 axb5 17. Re2 c4 18. Ncd5 Bb7 19. Rb1 Bxd5
20. Nxd5 Nf6 21. Rc2 Nxd5 22. Qxd5 Qb6 23. Bc1 Qa6 24. Be3 Rec8 25. Bf1 $36 {
Csom,I-Shrentzel,I/Tel Aviv/1988/}) 15. cxb5 c4 16. Nb4 axb5 17. Re2 Qa5 18.
Ncd5 Nxd5 19. Nxd5 Be6 20. b4 Qa7 21. Nf4 Rbc8 $132 {Csom,I-Roski,F/St Ingbert/
1995/}) 11... exd4 12. Nxd4 Nc5 (12... Ng4 13. Ra2 $14) 13. Ra2 Bd7 14. f3 Ne6
15. Nde2 b5 16. cxb5 axb5 17. Be3 h5 18. Bf2 Qc8 19. axb5 Bxb5 20. Nxb5 Rxb5
21. Bf1 Rb8 22. Nc1 Ra8 23. b4 $14 {Kharlov,A-Gretarsson,A/EU Cup Izmir/2004/})
({The main alternative is} 10. h3 {, which after} exd4 11. Nxd4 Rb8 {
transposes into Gallagher's favouite line.}) 10... Nc5 $5 {Black forgets about
a6 and strives for >> play. This is probably the right way to go:} (10... b5
$143 11. Qe2 bxc4 12. bxc4 (12. b4 $5 $36) 12... Nc5 13. Nd2 c6 14. Nb3 $1 cxd5
15. cxd5 Nfd7 16. Be3 Nxb3 17. axb3 f5 18. Nb5 $1 f4 19. Bd2 Nb6 20. Ba5 Rb8
21. Na7 Qf6 22. Rfc1 Nd7 23. Nxc8 Rexc8 24. Rxc8+ Rxc8 25. Bh3 Qe7 26. Qg4 {
1-0,Iljin,A-Sudakova,I/St Petersburg/2002/}) 11. Ne1 a5 12. Nd3 (12. Rb1 Bd7 (
12... Nfd7 13. a3 f5 14. exf5 gxf5 15. b4 $14) 13. a3 a4 $5 (13... Qe7 {/\c6<=>
}) 14. b4 Nb3 $13) 12... Nfd7 13. Be3 f5 14. Nxc5 (14. Rc1 Nxe4 15. Nxe4 fxe4
16. Bxe4 Nf6 $132) 14... Nxc5 15. exf5 gxf5 16. Qd2 (16. Bxc5 $6 dxc5 {[%cal
Ya8a6,Ya6g6] /\Ra6-g6|^}) (16. Rc1 Bd7 17. a3 $13) 16... b6 17. Rad1 (17. Rab1
{[%cal Ra2a3,Rb3b4] /\a3,b4}) 17... Bd7 $11 {[%csl Gc5] Black has a solid
position, as it's not easy to dislodge his strong Nc5. In fact it will remain
on its outpost till the end of the game.} 18. Bg5 (18. f4 e4 19. Bd4 $11) 18...
Bf6 19. f4 (19. Bxf6 Qxf6 20. f4 e4 21. Qd4 $11) 19... e4 {Sufficient for
equality, but more enterprising was} (19... Bxg5 $5 20. fxg5 Kg7 21. Bh3 Rf8
$13 {[%cal Yd8e8,Ye8g6] /\Qe8-g6}) 20. Rde1 Qe7 21. Bxf6 Qxf6 22. Re3 Re7 (
22... Nd3 23. g4 $1 $36) 23. Rb1 (23. g4 $6 fxg4 24. Nxe4 Nxe4 25. Rxe4 Rae8
$36) 23... h5 24. h4 {This stops any active play on the >> and the position
becomes rather sterile, as Black has ample time to meet b4 effectively.} Kh8
25. Bf1 Rg8 26. Kh2 Reg7 27. Nd1 Rg6 28. Qc3 Qxc3 29. Nxc3 Kg7 30. Be2 Kh6 $11
31. Kg2 Ra8 32. Kf2 Rgg8 33. Bf1 Kg6 34. Ke1 Rgb8 35. Be2 Ra7 36. Kd2 Raa8 37.
Bf1 Ra7 38. Rb2 Raa8 39. Rb1 Ra7 40. Ree1 Rba8 41. Ke3 Rh8 42. Be2 Rha8 43.
Rec1 Rh8 44. a3 Rha8 45. Re1 (45. b4 axb4 46. axb4 Nb7 47. Nb5 Bxb5 48. cxb5
Nd8 49. Rb2 {leads nowhere, as Black can easily cover his only ><c7 with} Rb7
$11 {Therefore White continues manoeuvring, but without any positive effect.})
45... Be8 46. Kd2 Bd7 47. Bf1 Be8 48. Re3 Kf6 49. Be2 Kg6 50. Kc1 Kf6 51. Kb2
Kg6 52. Rc1 Rb7 53. Kc2 Nd7 54. Rd1 Nf6 55. Kb2 1/2-1/2